| 000 | 01388cam a2200301 a 4500 | ||
|---|---|---|---|
| 001 | 14742515 | ||
| 005 | 20070709090519.0 | ||
| 008 | 070222s2008 njua b 001 0 eng | ||
| 010 | _a 2007007590 | ||
| 020 | _a9780132347617 | ||
| 020 | _a013234761X | ||
| 035 | _a(OCoLC)ocm85623158 | ||
| 035 | _a(OCoLC)85623158 | ||
| 040 |
_aDLC _cDLC _dBAKER _dBTCTA _dC#P _dYDXCP _dDLC |
||
| 050 | 0 | 0 |
_aHD38.7 _b.B8714 2008 |
| 082 | 0 | 0 |
_a658.472 _222 _bBUS |
| 245 | 0 | 0 |
_aBusiness intelligence : _ba managerial approach / _cEfraim Turban ... [et al.]. |
| 260 |
_aUpper Saddle River, N.J. : _bPearson Prentice Hall, _cc2008. |
||
| 300 |
_axv, 233 p. : _bill. ; _c25 cm. |
||
| 504 | _aIncludes bibliographical references and index. | ||
| 650 | 0 |
_aBusiness intelligence. _93881 |
|
| 650 | 0 |
_aIndustrial management. _93882 |
|
| 700 | 1 |
_aTurban, Efraim. _93883 |
|
| 942 |
_2ddc _cBB |
||
| 999 |
_c11339 _d11339 |
||